• 首页
  • 本馆介绍
  • 公告通知
  • 最新文献
  • 馆藏检索
  • 电子资源
  • 读者导购
  • 参考咨询
  • 我的图书馆
  • 登录
  • 详细信息显示
  • 放入我的书架
  • 预约/预借图书
  • 作者相关作品
  • 分类相关作品
  • 丛书相关作品
  • 出版社相关作品

书目信息

  • 表格格式
  • 工作单格式
  • 卡片格式
题名:
戴士和
    
 
作者: 陈卫和 著
分册:  
出版信息: 南宁   广西美术出版社  2008
页数: 323页
开本: 24cm
丛书名:
单 册:
中图分类: J223 , K825.72
科图分类:
主题词: 油画--作品集--中国--现代 , 戴土和--画传 , 油画 , 戴土和
电子资源:
ISBN: 978-7-80746-310-8
000 00725nam0 2200265 45
001 1050778015
005 20100513154925.28
010    @a978-7-80746-310-8@dCNY68.00
100    @a20100408d2008 ekmy0chiy0120 ea
101 0  @achi
102    @aCN@b450000
105    @aa z 000yy
106    @ar
200 1  @a戴士和@Adai shi he@e艺术与生活@EYi Shu Yu Sheng Huo@f陈卫和著@FChen Wei He Zhu
210    @a南宁@c广西美术出版社@d2008
215    @a323页@c图@d24cm
606 0  @a油画@x作品集@y中国@z现代
606 0  @a戴土和@j画传
606 0  @a油画
606 0  @a戴土和
690    @aJ223@v4
690    @aK825.72@v4
701  0 @a陈卫和@AChen Wei He@4著
801  0 @aCN@bTANGWEI@c20100513
905    @b0590391-93@dJ223@e261@f3
    
    戴士和:艺术与生活/陈卫和著.-南宁:广西美术出版社,2008
    323页:图;24cm
    
    
    ISBN 978-7-80746-310-8:CNY68.00
    
●
相关链接 在E读中查询图书 在五车中查询图书 在当当中查询图书 在豆瓣中查询图书


正题名:戴士和     索取号:J223/261         预约/预借

序号 登录号 条形码 馆藏地/架位号 状态 备注
1 0590391   205903913   第一样本阅览室/ [索取号:J223/261] 在馆    
2 0590392   205903922   第一借阅区/ [索取号:J223/261] 在馆    
3 0590393   205903931   第一借阅区/ [索取号:J223/261] 在馆    
唐山师范学院图书馆 欢迎您!
大连网信软件有限公司© 版权所有